| 000 | 00825nam a2200265Ia 4500 | ||
|---|---|---|---|
| 001 | sky218568372 | ||
| 003 | SKY | ||
| 005 | 20170720151130.0 | ||
| 008 | 080211s2005 coua j 000 1 eng d | ||
| 020 | _a9780976815112 (hard) | ||
| 020 | _a0976815117 (hard) | ||
| 040 |
_aDAJ _cDAJ _dSX@ |
||
| 041 |
_aspa _aeng |
||
| 092 |
_aE _bMur |
||
| 099 | _aMurray, B. | ||
| 100 | 1 | _aMurray, Barbara Ann. | |
| 245 | 1 | 0 |
_aAveces tenemos que ser limpios = / _bSometimes we have to be clean _ccreated and written by Barbara Ann Murray ; illustrated by Sam A. Salas. |
| 246 | _aSometimes we have to be clean | ||
| 260 |
_aColorado : _bBarb Barb Books, _cc2005. |
||
| 300 |
_a30 p. : _bcol. ill. ; _c24 x 31 cm. |
||
| 500 | _aBilingual edition. | ||
| 650 | 0 |
_aPatience _vJuvenile fiction. |
|
| 700 | 1 | _aSalas, Sam A. | |
| 942 | _cBK | ||
| 999 |
_c18615 _d18615 |
||